• 首页
  • 本馆介绍
  • 公告通知
  • 最新文献
  • 馆藏检索
  • 电子资源
  • 读者导购
  • 参考咨询
  • 我的图书馆
  • 登录
  • 详细信息显示
  • 放入我的书架
  • 预约/预借图书
  • 作者相关作品
  • 分类相关作品
  • 丛书相关作品
  • 出版社相关作品

书目信息

  • 表格格式
  • 工作单格式
  • 卡片格式
题名:
建筑工程管理与工程造价研究
    
 
作者: 胡凌云 著
分册:  
出版信息: 长春   吉林科学技术出版社  2022.04
页数: 194页
开本: 26cm
丛书名:
单 册:
中图分类: TU71 , TU723.31
科图分类:
主题词: 建筑工程--jian zhu gong cheng--工程管理--研究 , 建筑造价管理--jian zhu zao jia guan li--研究
电子资源:
ISBN: 978-7-5578-9191-6
000 01200nam0 2200265 450
001 CAL 012022036805
005 20230217093112.0
010    @a978-7-5578-9191-6@dCNY58.00
100    @a20221020d2022 em y0chiy0120 ea
101 0  @achi
102    @aCN@b220000
105    @ay a 000yy
106    @ar
200 1  @a建筑工程管理与工程造价研究@Ajian zhu gong cheng guan li yu gong cheng zao jia yan jiu@f胡凌云著
210    @a长春@c吉林科学技术出版社@d2022.04
215    @a194页@d26cm
320    @a有书目 (第193-194页)
330    @a本书主要论述了建筑工程项目管理的重要性, 探析了建筑工程造价控制与管理存在的问题, 并提出了相应的管理控制措施。目前, 建筑行业保持着逐年稳定的增长, 散发出巨大的活力, 所以在国民增长的贡献中也有着巨大的价值, 因此在我国经济增长迅速的今天, 将实际化的新常态阶段和各种各样的产业结构进行相对应的调整, 实现有效的升级, 进行建筑行业的预算法控制, 提高建筑行业的使用水平和管理进程, 是十分必要而迫切的。
606 0  @a建筑工程@Ajian zhu gong cheng@x工程管理@x研究
606 0  @a建筑造价管理@Ajian zhu zao jia guan li@x研究
690    @aTU71@v5
690    @aTU723.31@v5
701  0 @a胡凌云@Ahu ling yun@4著
801  0 @aCN@bBJXHZP@c20230228
905    @b1386038-41@dTU71@e2138@f4
    
    建筑工程管理与工程造价研究/胡凌云著.-长春:吉林科学技术出版社,2022.04
    194页;26cm
    
    
    ISBN 978-7-5578-9191-6:CNY58.00
    本书主要论述了建筑工程项目管理的重要性, 探析了建筑工程造价控制与管理存在的问题, 并提出了相应的管理控制措施。目前, 建筑行业保持着逐年稳定的增长, 散发出巨大的活力, 所以在国民增长的贡献中也有着巨大的价值, 因此在我国经济增长迅速的今天, 将实际化的新常态阶段和各种各样的产业结构进行相对应的调整, 实现有效的升级, 进行建筑行业的预算法控制, 提高建筑行业的使用水平和管理进程, 是十分必要而迫切的。
●
相关链接 在E读中查询图书 在五车中查询图书 在当当中查询图书 在豆瓣中查询图书


正题名:建筑工程管理与工程造价研究     索取号:TU71/2138         预约/预借

序号 登录号 条形码 馆藏地/架位号 状态 备注
1 1386038   213860384   第二样本阅览室/ [索取号:TU71/2138] 在馆    
2 1386039   213860393   第三借阅区/ [索取号:TU71/2138] 在馆    
3 1386040   213860400   第三借阅区/ [索取号:TU71/2138] 在馆    
4 1386041   213860419   第三借阅区/ [索取号:TU71/2138] 在馆    
唐山师范学院图书馆 欢迎您!
大连网信软件有限公司© 版权所有